| 000 | 00674cab a2200229 4500 | ||
|---|---|---|---|
| 001 | ABS58063 | ||
| 008 | 090401t1997 xxu||||| |||| 00| 0 eng d | ||
| 035 | _a(Sirsi) u82853 | ||
| 041 | _aeng | ||
| 100 | _aKirkwood, J. | ||
| 245 | _aPublish - and be dammed | ||
| 260 | _c1997 | ||
| 350 | _a0 | ||
| 490 |
_aEstates Gazette _v(9751) 20 December 1997, 71-73(3) |
||
| 520 | _aSoftware review of Design Intelligence Europe Ltd`s "i-publish" desk top publishing system. | ||
| 650 | _aDESK TOP PUBLISHING | ||
| 650 | _aSOFTWARE PACKAGES | ||
| 650 | _aWEB SITES | ||
| 690 | _aMANAGEMENT-BUSINESS MANAGEMENT-INFORMATION MANAGEMENT | ||
| 942 | _n0 | ||
| 948 | _c22/12/1997 | ||
| 999 |
_c52325 _d52325 |
||